| 000 | 00803nam a2200181 i 4500 | ||
|---|---|---|---|
| 001 | 154220 | ||
| 003 | ES-MaACL | ||
| 005 | 20250902063107.0 | ||
| 008 | 940202s1872 sp |||| | spa d | ||
| 040 |
_aCAM _bspa |
||
| 100 | 1 |
_aGarcía Barzanallana, José, _d1819-1903 _954239 |
|
| 245 | 1 | 3 |
_aLa poblacion de España _b: memoria premiada por la Real Academia de Ciencias Morales y Politicas en el concurso ordinario de 1871 / _cescrita por José García Barzanallana. |
| 260 |
_aMadrid : _b[s.n.], _c1872 ( _fImp. del Colegio Nacional de Sordomudos y Ciegos) |
||
| 300 |
_a217 p. ; _c26 cm. |
||
| 650 |
_aDemografía- _zEspaña. _9151686 |
||
| 852 |
_aES-MaACL _jF-M-III-O (II) _z-- Enc. pasta española _q-- Falto de la cub. original _z-- Enc. en un vol. facticio |
||
| 999 |
_c154220 _d154220 |
||